| 000 | 01295nas a2200409 4500 | ||
|---|---|---|---|
| 001 | BR0502798 | ||
| 003 | BR-BrBNA | ||
| 005 | 20231205105440.0 | ||
| 007 | ta | ||
| 008 | 230509b bl.|||p| |||| 00| 00por d | ||
| 040 |
_aBR-BrBNA _bpor _cBiblioteca Nacional de Agricultura |
||
| 041 | _a(Pt) | ||
| 072 | _aF62; F61; F04 | ||
| 100 | 1 | _aNeves, O.S.C. | |
| 100 | 1 | _aBenedito, D. da S. | |
| 100 | 1 | _aMachado, R.V. | |
| 100 | 1 | _aCarvalho, J.G. de | |
| 245 | 1 | _aCrescimento, produção de matéria seca e acúmulo de nitrogênio, fósforo, potássio, cálcio, magnésio e enxofre na parte aérea de mudas de andiroba (Carapa guianensis Aubl.)cultivadas em solo de várzea, em função de diferentes doses de fósforo | |
| 650 | _aANDIROBA | ||
| 650 | _aMUDA | ||
| 650 | _aFÓSFORO | ||
| 650 | _aNITROGÊNIO | ||
| 650 | _aPOTÁSSIO | ||
| 650 | _aCÁLCIO | ||
| 650 | _aMAGNÉSIO | ||
| 650 | _aENXOFRE | ||
| 650 | _aMATÉRIA SECA | ||
| 650 | _aCRESCIMENTO | ||
| 650 | _aPARTE AÉREA | ||
| 650 | _aVÁRZEA | ||
| 650 | _aESTUFA | ||
| 650 | _aABSORÇÃO DE NUTRIENTES | ||
| 650 | _aMINAS GERAIS | ||
| 773 | 0 |
_tRevista Árvore (Brazil) _xISSN 0100-6762 _g(Mai-Jun 2004), v. 28(3) p. 343-349 _wBR0502798 |
|
| 909 |
_a202311 _bLúcia _c55 _dLúcia Elande |
||
| 942 |
_2AGRIS _n0 _cANA |
||
| 999 |
_c183019 _d183019 |
||